Statistics for Countries of the World by Maximum Elevation

Click here to take the quiz!

General Stats

  • This quiz has been taken 58 times
    (42 since last reset)
  • The average score is 117 of 196

Answers on the Map

Answers color-coded by a green-red scale on the quiz's map according to % correct below.
Loading ...
 

Answer Stats

Max E. (m)Answer% Correct
7492AfghanistanA
100%
7570BhutanB
100%
8848ChinaC
100%
8586IndiaI
100%
7010KazakhstanK
100%
7439KyrgyzstanK
100%
8848NepalN
100%
8611PakistanP
100%
7495TajikistanT
100%
6960ArgentinaA
96%
6542BoliviaB
96%
5959CanadaC
96%
6893ChileC
96%
5700ColombiaC
96%
6267EcuadorE
96%
5636MexicoM
96%
5881MyanmarM
96%
6768PeruP
96%
5892TanzaniaT
96%
5109Democratic Republic of the CongoD/C.
92%
4810FranceF
92%
5201GeorgiaG
92%
4892IndonesiaI
92%
5610IranI
92%
4810ItalyI
92%
5199KenyaK
92%
5642RussiaR
92%
5137TurkeyT
92%
5109UgandaU
92%
4643UzbekistanU
92%
4978VenezuelaV
92%
4485AzerbaijanA
88%
4550EthiopiaE
88%
4220GuatemalaG
88%
4374MongoliaM
88%
4509Papua New GuineaP.
88%
4507RwandaR
88%
4634SwitzerlandS
88%
6190United StatesU.
88%
4090ArmeniaA
85%
4095MalaysiaM
85%
4165MoroccoM
85%
3798AustriaA
81%
4040CameroonC
81%
3820Costa RicaC.
81%
3611IraqI
81%
3776JapanJ
81%
3724New ZealandN.
81%
3715SpainS
81%
3952TaiwanT
81%
3666YemenY
81%
3003AlgeriaA
77%
3445ChadC
77%
3098Dominican RepublicD.
77%
3008Equatorial GuineaE.
77%
3018EritreaE
77%
3088LebanonL
77%
3482LesothoL
77%
3002MalawiM
77%
3009OmanO
77%
3475PanamaP
77%
3000Saudi ArabiaS.
77%
3450South AfricaS.
77%
3187South SudanS.
77%
3042SudanS
77%
3139TurkmenistanT
77%
3143VietnamV
77%
2995BrazilB
73%
2962GermanyG
73%
2954PhilippinesP
73%
2942AndorraA
69%
2925BulgariaB
69%
2963East TimorE.
69%
2917GreeceG
69%
2870HondurasH
69%
2876MadagascarM
69%
2764AlbaniaA
65%
2684BurundiB
65%
2829Cape VerdeC.
65%
2629EgyptE
65%
2730El SalvadorE.
65%
2772GuyanaG
65%
2680HaitiH
65%
2660KosovoK
65%
2817LaosL
65%
2744North KoreaN.
65%
2764North MacedoniaN.
65%
2655SlovakiaS
65%
2864SloveniaS
65%
2814SyriaS
65%
2620AngolaA
62%
2599LiechtensteinL
58%
2573NamibiaN
58%
2544RomaniaR
58%
2565ThailandT
58%
2592ZimbabweZ
58%
2534MontenegroM
50%
2228AustraliaA
42%
2386Bosnia and HerzegovinaB.
42%
1491BotswanaB
42%
1810CambodiaC
42%
1420Central African RepublicC.
42%
2360ComorosC
42%
1831CroatiaC
42%
1974CubaC
42%
1951CyprusC
42%
2028DjiboutiD
42%
1447DominicaD
42%
1862EswatiniE
42%
1324FijiF
42%
1324FinlandF
42%
1752GuineaG
42%
2110IcelandI
42%
2236IsraelI
42%
1752Ivory CoastI/C
42%
2256JamaicaJ
42%
1854JordanJ
42%
1440LiberiaL
42%
2267LibyaL
42%
2436MozambiqueM
42%
2107NicaraguaN
42%
2022NigerN
42%
2419NigeriaN
42%
2469NorwayN
42%
2499PolandP
42%
2351PortugalP
42%
1857SamoaS
42%
2024Sao Tome and PrincipeS.
42%
2169SerbiaS
42%
1948Sierra LeoneS.
42%
2335Solomon IslandsS.
42%
2450SomaliaS
42%
1950South KoreaS.
42%
2524Sri LankaS.
42%
2097SwedenS
42%
1544TunisiaT
42%
2061UkraineU
42%
1910United Arab EmiratesU.
42%
1354United KingdomU.
42%
1877VanuatuV
42%
2329ZambiaZ
42%
1052BangladeshB
38%
1124BelizeB
38%
1850BruneiB
38%
1603CzechiaC
38%
1070GabonG
38%
880GhanaG
38%
840GrenadaG
38%
1014HungaryH
38%
1038IrelandI
38%
1155MaliM
38%
915MauritaniaM
38%
828MauritiusM
38%
782MicronesiaF/M
38%
887NetherlandsN
38%
842ParaguayP
38%
1020Republic of the CongoR/C
38%
1156Saint Kitts and NevisS.
38%
950Saint LuciaS.
38%
1234Saint Vincent and the GrenadinesS.
38%
755San MarinoS
38%
905SeychellesS
38%
1230SurinameS
38%
986TogoT
38%
1033TongaT
38%
940Trinidad and TobagoT.
38%
402Antigua and BarbudaA.
35%
122BahrainB
35%
336BarbadosB
35%
346BelarusB
35%
694BelgiumB
35%
658BeninB
35%
749Burkina FasoB
35%
171DenmarkD
35%
318EstoniaE
35%
300Guinea BissauG.
35%
81KiribatiK
35%
306KuwaitK
35%
312LatviaL
35%
294LithuaniaL
35%
560LuxembourgL
35%
253MaltaM
35%
430MoldovaM
35%
161MonacoM
35%
71NauruN
35%
242PalauP
35%
103QatarQ
35%
648SenegalS
35%
64The GambiaG
35%
514UruguayU
35%
75Vatican CityV.
35%
10Marshall IslandsM.
31%
164SingaporeS
31%
63The BahamasB
31%
5TuvaluT
31%
5MaldivesM
27%

Score Distribution

Percentile by Number Answered

Percent of People with Each Score

Your Score History

You have not taken this quiz since the last reset